00414nam a2200157Ia 4500008004100000040001900041041001200060082002200072100001900094245003600113260003900149300002400188440002100212650000800233850001500241131103s9999 xx 000 0 und d aLoreto College aEnglish aREF/1bLCBED/5792 aWebster, James aUnder the groundcJames Webster aLoughboroughbLadybird Booksc1975 a50p.b pic.c 18cm. aA Ldybird Leader aREF aLCBED/REF1